000
00324nam a2200133Ia 4500
008
240624s9999 xx 000 0 und d
041
_a
eng
082
_a
823 RAM
100
_a
RAMPA T LOBSANG
245
_a
THIRD EYE
260
_c
1964
_a
New York
_b
Ballentine Books
300
_a
viii, : 210 : p. : cm. ; 17
365
_c
_b
20
999
_c
13939
_d
13939